000 00643nam a22001817a 4500
003 UA-OsUOA
001 17946
007 ta
008 20040406b un ||||| |||| 00| 0 ukr d
100 _aГерман Ю.
942 _cSA
040 _aUA-OsUOA
_cUA-OsUOA
_dUA-OsUOA
245 _aДерево росте там. де його посадили
_b[Розмова з дир. побут. п-ва "Либідь" Ю.Германом]/Розмовляла В.Погонська
300 _aС.14
955 _a0
773 0 _w0
_tСім днів
_dРівне
_d2004
_g№13/26 берез./
650 7 _aКраєзнавча робота
_2UDC
999 _c304116
_d304116